| 000 | 01255cam a22003254a 4500 | ||
|---|---|---|---|
| 001 | 3103948 | ||
| 003 | ARRUPE | ||
| 005 | 20161128112428.0 | ||
| 008 | 990513s1999 inu b s001 0 eng | ||
| 010 | _a 99032397 | ||
| 020 | _a0253335728 (cl : alk. paper) | ||
| 020 | _a0253213282 (pbk. : alk. paper) | ||
| 040 |
_aDLC _cDLC _dDLC |
||
| 042 | _apcc | ||
| 050 | 0 | 0 |
_aBR100 _b.G63 1999 |
| 082 | 0 | 0 |
_a200 _221 |
| 245 | 0 | 0 |
_aGod, the gift, and postmodernism / _cedited by John D. Caputo and Michael J. Scanlon. |
| 260 |
_aBloomington, IN : _bIndiana University Press, _cc1999. |
||
| 300 |
_a322 p. ; _c24 cm. |
||
| 440 | 4 |
_aThe Indiana series in the philosophy of religion _924405 |
|
| 504 | _aIncludes bibliographical references and index. | ||
| 650 | 0 |
_aChristianity _xPhilosophy _vCongresses. _912603 |
|
| 650 | 0 |
_aPostmodernism _xReligious aspects _xChristianity _vCongresses. _924406 |
|
| 700 | 1 |
_aCaputo, John D. _92372 |
|
| 700 | 1 |
_aScanlon, Michael J. _927569 |
|
| 906 |
_a7 _bcbc _corignew _d1 _eocip _f19 _gy-gencatlg |
||
| 942 |
_2lcc _cMONOGRAPH |
||
| 999 |
_c125763 _d125763 |
||